000 00775nam a22002057a 4500
005 20191224042232.0
008 160115b xxu||||| |||| 00| 0 spa d
040 _aCO-BoIAVH
_cCO-BoIAVH
041 _aspa
044 _ack
090 _aLB-
_b05729
110 1 _aGeocol
245 _aAproximación a la Riqueza de Especies Faunísticas. Aves, Mamíferos, Anfibios y Reptiles:
_bPresentes en el Área de Estudio del Bloque para la Perforación Exploratoria vmm2. en los Municipios de Aguachica, Gamarra y Rio de Oro, Departamento de Cesar
260 _aColombia:
_bGeocol,
_c[s. f.]
300 _a80 Paginas.
650 6 _aConservación de fauna
650 6 _aBosque Seco Tropical
650 6 _aBosque Húmedo Tropical
942 _2z
_cINFORME
999 _c17969
_d17969